Handbook of abnormal Psychology. (Record no. 780298)

MARC details
000 -LEADER
fixed length control field 00635nam a2200229Ia 4500
003 - CONTROL NUMBER IDENTIFIER
control field OSt
005 - DATE AND TIME OF LATEST TRANSACTION
control field 20220928125005.0
008 - FIXED-LENGTH DATA ELEMENTS--GENERAL INFORMATION
fixed length control field 220927b |||||||| |||| 00| 0 eng d
037 ## - SOURCE OF ACQUISITION
Terms of availability Reference Collections
040 ## - CATALOGING SOURCE
Original cataloging agency SDCL
Transcribing agency SDCL
Language of cataloging eng
041 ## - LANGUAGE CODE
Source of code eng
Language code of text/sound track or separate title eng
100 ## - MAIN ENTRY--PERSONAL NAME
Personal name Eysenck H J Ed.
9 (RLIN) 467451
245 #0 - TITLE STATEMENT
Title Handbook of abnormal Psychology.
260 ## - PUBLICATION, DISTRIBUTION, ETC.
Place of publication, distribution, etc. England
Name of publisher, distributor, etc. Pitman Medical
Date of publication, distribution, etc. 1973
300 ## - PHYSICAL DESCRIPTION
Extent xvi,906p
Dimensions cm.
942 ## - ADDED ENTRY ELEMENTS (KOHA)
Classification part S6g, L3 RR
Koha item type Reference
Source of classification or shelving scheme Colon Classification (CC)
Holdings
Withdrawn status Lost status Damaged status Not for loan Home library Current library Date acquired Total Checkouts Full call number Barcode Date last seen Price effective from Koha item type
        South Campus Library South Campus Library 2022-09-28   S6g L3 RR SC0681247 2022-09-28 2022-09-28 Reference
Copyright @ Delhi University Library System